00620nam a22001817a 450000500170000000800410001702000180005804000210007604100080009708200170010524501240012226000580024630000150030465000300031970000310034970000310038070000270041120240517052910.0240517b |||||||| |||| 00| 0 eng d a9789393864338 aIN-DiNCcIN-DiNC deng a954.162bSOC aSocial cultural and political history of colonial Assam/ced. by Rabindra Bordoloi, Deva Jyoti Chetia and Atul Hazarika aGuwahati:bAssam College Teachers Association,c2024. axii, 362p. aColonial history of Assam aBordoloi, RabindraeEditor aChetia, Deva JyotieEditor aHazarika, AtuleEditor